|
|
|
|
| LEADER |
00000nam0a2200000 4500 |
| 001 |
378642 |
| 005 |
20231102013024.0 |
| 035 |
|
|
|a (RuTPU)RU\TPU\retro\36099
|
| 090 |
|
|
|a 378642
|
| 100 |
|
|
|a 20230607d1979 m y0rusy50 ca
|
| 101 |
1 |
|
|a rus
|c eng
|
| 102 |
|
|
|a RU
|
| 105 |
|
|
|a a z 001zy
|
| 200 |
1 |
|
|a Психическое развитие младенца
|e пер. с англ.
|f Т. Бауэр
|
| 210 |
|
|
|a Москва
|c Прогресс
|d 1979
|
| 215 |
|
|
|a 320 с.
|c ил.
|
| 320 |
|
|
|a Библиогр.: с. 299-312
|
| 320 |
|
|
|a Имен. указ.: с. 313-314
|
| 320 |
|
|
|a Предм. указ.: с. 315-319
|
| 606 |
1 |
|
|a Детская психология
|2 stltpush
|3 (RuTPU)RU\TPU\subj\9361
|9 36621
|
| 606 |
1 |
|
|a Бессознательного проблема
|2 stltpush
|3 (RuTPU)RU\TPU\subj\28289
|9 51830
|
| 610 |
1 |
|
|a психология
|
| 610 |
1 |
|
|a младенцы
|
| 610 |
1 |
|
|a психическое развитие
|
| 610 |
1 |
|
|a восприятие
|
| 610 |
1 |
|
|a зрительное восприятие
|
| 610 |
1 |
|
|a моторная деятельность
|
| 610 |
1 |
|
|a познавательные способности
|
| 610 |
1 |
|
|a детская психика
|
| 610 |
1 |
|
|a младенчество
|
| 610 |
1 |
|
|a пространственная ориентация
|
| 610 |
1 |
|
|a пространства
|
| 675 |
|
|
|a 612.8
|v 4
|
| 686 |
|
|
|a Ю98
|v LBC/SL-A
|2 rubbk
|
| 700 |
|
1 |
|a Бауэр
|b Т.
|
| 801 |
|
1 |
|a RU
|b 63413507
|c 20230607
|
| 942 |
|
|
|c BK
|